Stochastičeskije processy teorii zapasov

Salvato in:
Dettagli Bibliografici
Autore principale: Prabhu, N.U (Autore)
Natura: Libro
Lingua:russo
Pubblicazione: Moskva : Mir, 1984
Edizione:Per. s angl.
Tags: Aggiungi Tag
Nessun Tag, puoi essere il primo ad aggiungerne!!

MARC

LEADER 00000nam a22000003a 4500
001 stu86954
005 20150617225629.7
008 040512s1984------------------------rus-d
040 |a STU  |b slo 
041 0 |a rus 
080 |a 519.216 
100 1 |a Prabhu, N.U.  |4 aut 
242 0 0 |a Stochastic storage processes  |y eng 
245 1 |a Stochastičeskije processy teorii zapasov 
250 |a Per. s angl. 
260 |a Moskva :  |b Mir,  |c 1984 
300 |a 184 s 
996 |b E55404  |c E*55404  |l EE03  |s P  |a 0  |w stu86954_0001